Modern livestock & poulty production

Сохранить в:
Библиографические подробности
Главный автор: Gillespie, James R.
Формат:
Язык:Undetermined
Опубликовано: Delmar 2002
Предметы:
Метки: Добавить метку
Нет меток, Требуется 1-ая метка записи!
Thư viện lưu trữ: Trung tâm Học liệu Trường Đại học Cần Thơ
LEADER 00477nam a2200181Ia 4500
001 CTU_74480
008 210402s9999 xx 000 0 und d
020 |c 1763212 
082 |a 636.21 
082 |b G478 
100 |a Gillespie, James R. 
245 0 |a Modern livestock & poulty production 
245 0 |c James R. Gillespie 
260 |b Delmar 
260 |c 2002 
650 |a Livestock.,Poultry 
904 |i Năm 
980 |a Trung tâm Học liệu Trường Đại học Cần Thơ